| 000 | 00347nam a2200121Ia 4500 | ||
|---|---|---|---|
| 008 | 210430s9999 xx 000 0 und d | ||
| 082 | _a628 M394 I | ||
| 100 | _aGilbert M Masters | ||
| 245 |
_aIntroduction to Environmental engineering and Science _cGilbert M Masters |
||
| 260 |
_aIndia _bPHI Learing _c2008 |
||
| 300 | _a708p. | ||
| 942 |
_cBK _2ddc |
||
| 999 |
_c564513 _d564513 |
||